Statistics for Highest Peaks of Latin American Countries

Click here to take the quiz!

General Stats

  • This quiz has been taken 12 times
  • The average score is 9 of 12

Answer Stats

ElevationHighest PeakAnswer% Correct
6,961 m (22,837 ft)AconcaguaArgentina
100%
6,893 m (22,615 ft)Ojos del SaladoChile
100%
6,542 m (21,463 ft)Nevado SajamaBolivia
90%
5,700 m (18,700 ft)Pico Cristobal ColónColombia
90%
6,263 m (20,549 ft)ChimborazoEcuador
90%
6,768 m (22,205 ft)HuascaránPerú
90%
4,978 m (16,332 ft)Pico BolívarVenezuela
90%
4,220 m (13,850 ft)Volcán TajumulcoGuatemala
70%
5,636 m (18,491 ft)Pico de OrizabaMéxico
60%
3,475 m (11,401 ft)Volcán BarúPanamá
60%
3,821 m (12,536 ft)Cerro ChirripóCosta Rica
50%
3,098 m (10,164 ft)Pico DuarteDominican Republic
50%

Score Distribution

Percentile by Number Answered

Percent of People with Each Score

Your Score History

You have not taken this quiz